The Role and Limitations of Technology in U.S. Counterinsurgency Warfare

Bibliographic Details
Main Author: Rubright
Format: Electronic eBook
Language:English
Published: University of Nebraska Press
Subjects:
Online Access:Full text available on Project MUSE [10/18/15]
Off-campus access
LEADER 01095pam a2200253 a 4500
001 AALebookProjectMUSE003607
003 BD-DhAAL
006 m||||||||d||||||||
007 cr||||||||||||
008 221121s9999 xxuabf fo j 001 0 eng d
020 |a 1612346766 
020 |a 9781612346762 
040 |a BD-DhAAL  |c BD-DhAAL 
100 1 |a Rubright 
245 0 0 |h [electronic resource]  |a The Role and Limitations of Technology in U.S. Counterinsurgency Warfare 
260 |b University of Nebraska Press 
300 |a 1 online resource 
500 |a <strong>Off-Campus Access:</strong> Athens ID and Password Required 
500 |a <strong>On-Campus Access:</strong> No User ID or Password Required 
506 |a Electronic access restricted to authorized BRAC University faculty, staff and students 
538 |a Mode of access: Internet 
655 7 |a Electronic books  |2 Library of Congress 
856 4 0 |z Full text available on Project MUSE [10/18/15]  |u https://muse.jhu.edu/book/42484 
856 4 0 |z Off-campus access  |u https://go.openathens.net/redirector/bracu.ac.bd?url=https%3A%2F%2Fmuse.jhu.edu%2Fbook%2F42484